000 00451nam a2200157 a 4500
005 20140414132053.0
008 121029s19uu xx 00 eng d
020 _a9831872266
050 _aTR 372.4
_bM214 2004
100 _aMah, May S.M.
245 _aWhat does Charlie the Chimp see?.
260 _aMalaysia :
_bRhythm Pub. Co. SDN,
_c2004.
300 _a24
650 _aReading-
_xphonics-
_xconsonant digraphs-
_xintial sounds.
999 _c114241
_d114241